1971 1656 1813 1238 1138 1949 1049 1108 1677 1863 1901 1617 1314 1593 1575 1465 1387 1206 1539 1111 1165 1997 1871 1838 1897 1844 1123 1132 1059 1418 1337 1180 1003 1923 1832 1219 1095 1213 1319 1514 1751 1012 1818 1312 1871 1513 1614 1932 1079 1160 1890 1910 1595 1951 1173 1129 1823 1798 1286 1518 1841 1364 1724 1072 1151 1715 1613 1025 1747 1122 1441 1844 1394 1905 1752 1838 1454 1046 1498 1982 1353 1690 1321 1174 1692 1988 1549 1397 1472 1623 1725 1816 1662 1357 1982 1809 1034 1301 1213 BCNSPRNW ULIB Ver.6.0+V

เปลี่ยนเป็นภาษาไทย

Change to English
 แสดงรายละเอียดบรรณานุกรม
  กลับหน้าหลัก

Brief Record : Get Marc (ISO 2709) : E-mail record : QR code < ปิดหน้าต่าง
LEADER : 00000nam 2200000uu 4500
001    13399122417
003     ULIB
008    020711s2551 th a 000 0 tha d
020    9742466378
020    9789742466374
090    นว.^bส988ว
100    โสพี พรรณราย
245    วิวาห์สลับรัก/^cโสพี พรรณราย
250    พิมพ์ครั้งที่ 1
260    กรุงเทพฯ :^bรวมสาส์น,^c2545
300    428 หน้า
945    ^p350^l0^i019589
999    ^aทศพร เกษรทอง
รายการนี้ยังไม่มีแท็ก
คุณยังไม่ได้ล็อกอิน คุณสามารถมีกิจกรรมร่วมกับเว็บไซต์ได้ แต่ต้องล็อกอินก่อน ::
  ล็อกอิน

รายการสื่อสารสนเทศ

ลำดับที่ ประเภท เลขเรียก/บาร์โค้ด สถานที่ สถานะ
1. นวนิยาย
นวนิยาย
นว. ส988ว ฉ.1 
  Barcode: 019589
ห้องสมุดวิทยาเขตสวรรค์ประชารักษ์
►นวนิยาย
บนชั้น
  ขอยืม

BibComment


ยังไม่เคยถูกคอมเมนท์

คอมเมนท์ทรัพยากรรายการนี้
  คอมเมนท์: วิวาห์สลับรัก โสพ..


 Copyright 2026. Bcnsprnw @Library